| 000 | 01077nam0a22002531 4500 | ||
|---|---|---|---|
| 001 | rc\314312 | ||
| 005 | 20030307122118.3 | ||
| 035 | _a(NLR Aleph) 005548784 | ||
| 090 |
_a5788208 _c5788208 |
||
| 100 | _a20030307d1990 u |0rusy50 ca | ||
| 101 | 0 | _arus | |
| 102 | _aRU | ||
| 105 | _aa ||||||||| | ||
| 200 | 1 |
_aПОНЯТИЯ школьной физики. Молекулярная физика, электродинамика, физика микромира _eМетод. разраб. по спецкурсу _fМ-во нар. образования РСФСР, Смол. гос. пед. ин-т им. Карла Маркса _g[Сост. Б.В. Селюк, к. физ.-мат. н., доц.] |
|
| 210 |
_aСмоленск _cСГПИ _d1990 |
||
| 215 |
_a56 с. _cил. _d20 |
||
| 320 | _aБиблиогр.: с. 55 | ||
| 702 | 1 |
_aСелюк _bБ. В. _4220 |
|
| 712 | 0 | 2 |
_aСмоленский пед. ин-т им. Карла Маркса _3RU\NLR\AUTH\889931965 |
| 801 | 0 |
_aRU _bNLR _gpsbo |
|
| 801 | 1 |
_aRU _bELAR _2rusmarc |
|
| 852 |
_aNLR _j91-4/5662 |
||
| 942 | _cBOOK | ||
| 980 | _aNB | ||